Statistiques concernant Paroles - Super Clash - Fatal Bazooka/Chris Prolls

Cliquez ici pour prendre le quiz!

Statistiques générales

  • Ce quiz a été pris 374 fois
    (350 depuis la dernière actualisation)
  • Le résultat moyen est 235 sur 315

Statistiques - réponses

Paroles% Correct
a
98%
à
98%
la
98%
Ta
96%
t'a
96%
ta
96%
Tu
96%
tu
96%
ça
92%
le
92%
va
92%
pas
91%
Quand
91%
quand
91%
T'es
91%
t'es
91%
dans
90%
mon
90%
et
89%
Et
89%
un
87%
les
86%
moi
86%
moi,
86%
y
86%
Y,
86%
Y
86%
je
85%
légende !
85%
légende,
85%
On
85%
ton
85%
il
84%
Il
84%
Elle
83%
elle
83%
est
83%
Athéna,
82%
devrais
82%
genoux
82%
Micro
82%
pénis
82%
trop
82%
fatigué ?
81%
du
80%
que
80%
chez
79%
couché
79%
dois
79%
jambes !
79%
jambes
79%
mère
79%
plier
79%
savoir
79%
dort
78%
en
78%
être
78%
maintenant
78%
tellement
78%
âge
77%
Ok
77%
ok
77%
t'adresses
77%
toi,
77%
vraiment
77%
lit
76%
très
76%
vieux
76%
vu
76%
yesterday
76%
bidon,
75%
heures
75%
si
75%
blanc
74%
Chris
74%
déjà
74%
grand
74%
noir
74%
nuit
74%
télé
74%
toute
74%
bazooka
73%
diner
73%
dîner
73%
Robert,
73%
t'as
73%
une
73%
vais
73%
9
72%
canon
72%
c'était
72%
jamais !
72%
Jamais.
72%
l'inviter
72%
payer
72%
sans
72%
Alors
71%
encore
71%
fait
71%
ringard,
71%
beaucoup
70%
Beaucoup
70%
Canapi,
69%
dance
69%
laisser
69%
neige
69%
c'est
68%
j'vais
68%
temps !
68%
baggy,
67%
femme
67%
quoi ?
67%
sais
67%
loin
66%
passais
66%
plus
66%
attends
65%
Attends
65%
J'la
65%
qu'avec
65%
rappeler !
65%
s'éclate
65%
son
65%
bien
64%
bien,
64%
circoncis
64%
comprendre
64%
string
64%
dit
62%
mamans.
61%
rappellerais
61%
au
60%
avait
60%
gère,
60%
papa
60%
vas
60%
Après ?
59%
uc'
59%
oublié
57%
balance
56%
Même
56%
pendant
56%
vingtième
56%
j'ai
55%
Jure
55%
siècle
55%
Tiens !
55%
poudre
53%
qu'elle
53%
qu'tu
53%
chargé
52%
qu'Athéna
52%
T'appartiens
52%
mais
51%
bâton,
50%
Mets-toi
50%
p'tite
50%
des
49%
J'te
49%
Pedro
49%
rends
49%
BOUM
48%
tiré
48%
d'Athéna,
47%
d'la
47%
t'occupes
47%
qu't'es
46%
galères,
45%
tej',
44%
répartition
39%
Hey,
38%
planter
38%
sur
37%
Jviens
35%
veux
35%
Crot'
34%
Crot',
34%
saurais
32%
l'avais
27%
t'mettres
27%
biz'
24%
beat,
23%
voit
18%
python
17%
jours
16%
m'teste
16%
15
15%
qu'aujourd'hui
9%
rééquilibrer
7%

Distribution des résultats

Percentile par nombre de réponses

% des personnes avec chaque résultat

Votre développement - résultats

Vous n’avez pas pris ce quiz depuis la dernière actualisation